I Can't Handle Change- Roar - Statistics

General Stats
  • This quiz has been taken 50 times
  • The average score is 95 of 136
Answer Stats
Answer % Correct
can't
100%
change
100%
handle
100%
I
100%
(I
100%
"I
100%
no
90%
not
80%
all
77%
do
77%
to
77%
at
73%
For
73%
reason
73%
ever
70%
go
70%
good
70%
Is
70%
is
70%
nothing
70%
Nothing
70%
begin
67%
lately
67%
your
67%
it's
63%
know
63%
alone
60%
and
60%
And
60%
but
60%
fault"
60%
help
60%
leave
60%
Leave
60%
me
60%
myself
60%
Still
60%
shake
57%
enough
53%
repeat
53%
the
47%
then
43%
don't
40%
get
40%
lose
37%
sick
37%
tired
37%
out
33%
belong
30%
Hangin'
30%
new
30%
where
30%
strength
27%
now)
23%
wanna
20%
home
17%
home)
17%
No matching quizzes found
Score Distribution
Percent of People with Each Score
Percentile by Number Answered
Your Score History
You have not taken this quiz